000 00349nam a22001337a 4500
020 _a0-618-13432-8
082 _a973.924 WIL
100 _aWILLS , GARRY
_969178
245 _aNIXON AGONISTES, THE CRISIS OF THE SELF MADE MAN
260 _aNEW YORK
_bHOUGHTON MIFFLIN
_c2002
300 _aXIX,617P
650 _aNIXON AGONISTES
_969179
942 _cBK
999 _c576558
_d576558